[Event "Primeira-ch ECP"]
[Site "Sao Paulo"]
[Date "2018.05.12"]
[Round "5.4"]
[White "Van Riemsdijk, Marius Rombout"]
[Black "Von Erlea, Simon PJE"]
[Result "1-0"]
[WhiteElo "1724"]
[BlackElo "1538"]
[PlyCount "123"]
[EventDate "2018.04.07"]
[EventType "tourn"]
[EventRounds "11"]
[EventCountry "BRA"]
[SourceTitle "EXT 2022"]
[Source "ChessBase"]
[SourceDate "2021.10.06"]
[SourceVersion "1"]
[SourceVersionDate "2021.10.06"]
[SourceQuality "1"]

1. e4 e5 2. Nf3 Nc6 3. Bc4 Be7 4. d4 d6 5. c3 Nh6 6. dxe5 Nxe5 7. Nxe5 dxe5 8. Qxd8+ Bxd8 9. Be3 Ng4 10. Bc5 b6 11. Ba3 c5 12. Bb5+ Bd7 13. Bxd7+ Kxd7 14. Nd2 Be7 15. Rd1 Kc7 16. b3 Rhd8 17. Ke2 Rd7 18. Nc4 f6 19. f3 Nh6 20. Ne3 Rad8 21. Nd5+ Kc8 22. Rd2 Ng8 23. Rhd1 Bd6 24. c4 Ne7 25. Nxe7+ Bxe7 26. Rd5 Bd6 27. Bb2 a6 28. Bc3 Kc7 29. a3 a5 30. Rb1 Rb8 31. Rb2 Rbd8 32. b4 axb4 33. axb4 cxb4 34. Bxb4 Bxb4 35. Rxb4 Rxd5 36. exd5 Rd6 37. Ke3 f5 38. Rb2 Kb7 39. c5 Rxd5 40. Rxb6+ Kc7 41. Ra6 Kb7 42. Re6 Rxc5 43. Re7+ Rc7 44. Rxe5 g6 45. g3 h6 46. Rd5 Re7+ 47. Kf4 Kc7 48. Ra5 Re6 49. h4 Kd7 50. Ra7+ Ke8 51. h5 gxh5 52. Kxf5 Re3 53. Kf4 Re6 54. Ra5 Rf6+ 55. Ke4 Re6+ 56. Kf5 Re7 57. Re5 Rxe5+ 58. Kxe5 Kf7 59. Kf5 Kg7 60. Ke6 Kg6 61. f4 h4 62. gxh4 1-0

[Event "Sao Paulo ECP A"]
[Site "Sao Paulo"]
[Date "2016.05.07"]
[Round "7.4"]
[White "Von Erlea, Simon PJE"]
[Black "Van Riemsdijk, Marius Rombout"]
[Result "0-1"]
[WhiteElo "1535"]
[BlackElo "1770"]
[PlyCount "142"]
[EventDate "2016.03.12"]
[EventType "tourn"]
[EventRounds "11"]
[EventCountry "BRA"]
[SourceTitle "EXT 2022"]
[Source "ChessBase"]
[SourceDate "2021.10.06"]
[SourceVersion "1"]
[SourceVersionDate "2021.10.06"]
[SourceQuality "1"]

1. e4 e5 2. Nc3 Nf6 3. d3 d5 4. Bg5 Be7 5. exd5 Nxd5 6. Bxe7 Nxe7 7. Nf3 Nbc6 8. Be2 Nf5 9. h3 Nfd4 10. Nxd4 Nxd4 11. Qd2 0-0 12. 0-0-0 b5 13. Ne4 f5 14. Nc5 Qd5 15. Nb3 c5 16. Nxd4 cxd4 17. Kb1 Be6 18. b3 a5 19. Bf3 e4 20. dxe4 fxe4 21. Bg4 a4 22. Qxd4 Rad8 23. Bxe6+ Qxe6 24. Qe3 axb3 25. cxb3 Ra8 26. f3 Qa6 27. Rd2 exf3 28. gxf3 Rae8 29. Qg5 h6 30. Qg4 Qf6 31. Rf1 Re3 32. Qd4 Qf5+ 33. Ka1 Rxf3 34. Rxf3 Qxf3 35. Qd5+ Kh7 36. Qd3+ g6 37. Qxb5 Qc3+ 38. Rb2 Rf5 39. Qd7+ Kg8 40. Qe8+ Kg7 41. Qe7+ Rf7 42. Qe2 Qxh3 43. a4 h5 44. Ka2 h4 45. Rd2 Qf3 46. Qe5+ Qf6 47. Qh2 g5 48. Rg2 Qf4 49. Qh3 Kh6 50. a5 Rf6 51. Qc8 Rf8 52. Qe6+ Qf6 53. Qd7 Qf5 54. Qd6+ Rf6 55. Qd8 h3 56. Qh8+ Kg6 57. Qg8+ Kh5 58. Qh8+ Rh6 59. Qe8+ Kh4 60. Re2 Rg6 61. Re5 Qc2+ 62. Ka3 g4 63. Qh8+ Kg3 64. Qb8 Qc1+ 65. Ka2 Qd2+ 66. Ka3 Qd6+ 67. Qxd6 Rxd6 68. b4 Kf2 69. b5 h2 70. Rh5 Rd3+ 71. Kb4 Rh3 0-1

[Event "Sao Paulo ECP A"]
[Site "Sao Paulo"]
[Date "2016.04.02"]
[Round "3.6"]
[White "Von Erlea, Simon PJE"]
[Black "Venelli, Luiz Gonzaga"]
[Result "0-1"]
[WhiteElo "1535"]
[BlackElo "1761"]
[PlyCount "50"]
[EventDate "2016.03.12"]
[EventType "tourn"]
[EventRounds "11"]
[EventCountry "BRA"]
[SourceTitle "EXT 2022"]
[Source "ChessBase"]
[SourceDate "2021.10.06"]
[SourceVersion "1"]
[SourceVersionDate "2021.10.06"]
[SourceQuality "1"]

1. e4 c6 2. Nf3 d6 3. d3 e5 4. Nc3 Nf6 5. Be2 Be7 6. Be3 Ng4 7. Qd2 Nxe3 8. fxe3 c5 9. Nd5 Na6 10. a3 Be6 11. Nxe7 Qxe7 12. d4 cxd4 13. exd4 0-0 14. Bxa6 bxa6 15. d5 Bd7 16. a4 f5 17. exf5 Bxf5 18. 0-0 Rac8 19. c3 Qb7 20. Nh4 Be4 21. Rxf8+ Rxf8 22. c4 Qb6+ 23. Kh1 Rf2 24. Qe1 Qxb2 25. Rb1 Qxb1 0-1

[Event "Sao Paulo Esporte CC-B"]
[Site "Sao Paulo"]
[Date "2015.04.11"]
[Round "1"]
[White "Bicalho, Rafael Cury"]
[Black "Von Erlea, Simon PJE"]
[Result "0-1"]
[WhiteElo "1542"]
[BlackElo "1524"]
[PlyCount "88"]
[EventDate "2015.04.11"]
[EventType "tourn"]
[EventRounds "11"]
[EventCountry "BRA"]
[SourceTitle "EXT 2017"]
[Source "ChessBase"]
[SourceDate "2016.10.25"]
[SourceVersion "1"]
[SourceVersionDate "2016.10.25"]
[SourceQuality "1"]

1. e4 e5 2. Nf3 d6 3. d4 exd4 4. Nxd4 Be7 5. Nc3 Nf6 6. Bf4 Bd7 7. h3 a6 8. g4 h6 9. Nf5 Bxf5 10. exf5 Nc6 11. Bg2 Qd7 12. Qe2 Nd4 13. Qd3 Nc6 14. 0-0-0 0-0-0 15. Qe3 Kb8 16. Rhe1 Rhe8 17. Nd5 Nxd5 18. Bxd5 Bf8 19. Qb3 Na5 20. Qc3 Nc6 21. Bd2 Rxe1 22. Bxe1 Na7 23. Rd3 c6 24. Bg2 d5 25. Bd2 Nb5 26. Qb3 Nd6 27. Bf4 Ka8 28. Bf1 Ne4 29. Rd1 Bd6 30. Be3 Nc5 31. Qb6 Qe7 32. b4 d4 33. Rxd4 Na4 34. Qa5 Nc3 35. Kb2 Nb5 36. Bf4 Nxd4 37. Be3 Bc7 38. Qa4 Qe5 39. c3 Nb5 40. Qc2 b6 41. a4 Nd6 42. Bxa6 b5 43. Bd4 Nc4+ 44. Kb3 Qd5 0-1

[Event "Sao Paulo Karman Memorial 1st"]
[Site "Sao Paulo"]
[Date "2013.10.26"]
[Round "3.8"]
[White "Vieira, Alexandre Letizio"]
[Black "Von Erlea, Simon PJE"]
[Result "1-0"]
[WhiteElo "1707"]
[BlackElo "1800"]
[PlyCount "107"]
[EventDate "2013.10.25"]
[EventType "swiss"]
[EventRounds "6"]
[EventCountry "BRA"]
[SourceTitle "EXT 2022"]
[Source "ChessBase"]
[SourceDate "2021.10.06"]
[SourceVersion "1"]
[SourceVersionDate "2021.10.06"]
[SourceQuality "1"]

1. d4 d5 2. Nf3 Nf6 3. g3 Nc6 4. Bg2 Bf5 5. a3 h6 6. 0-0 e6 7. e3 Be7 8. c4 0-0 9. Nc3 a6 10. cxd5 exd5 11. b4 Rb8 12. Bb2 Bg4 13. h3 Bf5 14. Rc1 Qd7 15. g4 Bh7 16. Ne5 Nxe5 17. dxe5 Ne8 18. Qxd5 Qe6 19. Qxe6 fxe6 20. f4 c6 21. Ne4 Rd8 22. Rcd1 Nc7 23. Bd4 Nd5 24. Nc3 Bc2 25. Bxd5 cxd5 26. Rc1 Bd3 27. Rfd1 Bg6 28. Na4 Rc8 29. Bc5 Rfe8 30. Bxe7 Rxc1 31. Rxc1 Rxe7 32. Rc8+ Kh7 33. h4 Be8 34. Nc5 Bb5 35. Kf2 b6 36. Nb3 Ba4 37. Nd4 g6 38. Rb8 b5 39. Rb6 Rc7 40. Rc6 Rxc6 41. Nxc6 Kg7 42. Nb8 Kf7 43. Nxa6 Bd1 44. g5 h5 45. Ke1 Bb3 46. Kd2 Bc4 47. Kc3 Ke7 48. Kd4 Kd7 49. Nc5+ Ke7 50. e4 Ba2 51. exd5 exd5 52. a4 bxa4 53. Nxa4 Ke6 54. b5 1-0